000 00422nam a2200145Ia 4500
008 231217s9999 xx 000 0 und d
041 _aEnglish
082 _a621.4021 THU;1 R
100 _aThurlow, G. Lee, A B.
245 0 _aEngineering thermodynamics : a generalised approach
260 _c1964
_bThe English Universities press
_aLondon
300 _ax, 342
400 _aThe higher technical series
942 _cAA
999 _c199076
_d199076